000 00993nam0a22002651 4500
001 v19\rc\1309459
005 20250618032531.0
035 _a(NLR Aleph) 004466515
090 _a4542336
_c4542336
100 _a20060512e18981898|||y0rusy50 ca
101 0 _arus
102 _aRU
105 _ay z |||||
200 1 _aО лечении хронического запора в детском возрасте
_f[Соч.] Д-ра L. Fürst'a, в Берлине
210 _aМосква
_cт-во тип. А.И. Мамонтова
_dценз. 1898
215 _a3 с.
_d25
309 _aБез тит. л. и обл.
311 _aИз журн. "Мед. обозрение", 1898, июль
488 0 _12001#$aМедицинское обозрение$v1898, июль
_tМедицинское обозрение
700 1 _aФюрст
_bЛ.
_f1840-1907
_gЛивий
801 0 _aRU
_bNLR
_gpsbo
801 1 _aRU
_bProSoft-M
_2rusmarc
852 _aNLR
_j18.139.2.566
942 _cBOOK
980 _aNB